Minimum Energy Efficiency Standards (MEES) (Record no. 116149)

MARC details
000 -LEADER
fixed length control field 01644cad a22003015a 4500
001 - CONTROL NUMBER
control field L159916
008 - FIXED-LENGTH DATA ELEMENTS--GENERAL INFORMATION
fixed length control field 100415u20180410xxk g 000 0 eng d
035 ## - SYSTEM CONTROL NUMBER
System control number (Sirsi) u159916
041 0# - LANGUAGE CODE
Language code of text/sound track or separate title eng
050 04 - LIBRARY OF CONGRESS CALL NUMBER
Classification number 333.72 $2 18
110 ## - MAIN ENTRY--CORPORATE NAME
Corporate name or jurisdiction name as entry element Royal Institution of Chartered Surveyors
9 (RLIN) 4900
245 04 - TITLE STATEMENT
Title Minimum Energy Efficiency Standards (MEES)
Remainder of title Impact on UK property management and valuation
Medium [electronic resource]
260 ## - PUBLICATION, DISTRIBUTION, ETC.
Place of publication, distribution, etc. London
Name of publisher, distributor, etc. RICS
Date of publication, distribution, etc. 2018
490 #0 - SERIES STATEMENT
Series statement RICS Research
490 #0 - SERIES STATEMENT
Series statement RICS Insight
520 ## - SUMMARY, ETC.
Summary, etc. Provides an introduction to MEES and the potential impact of the regulations on UK property management and valuation. The scope and various exemptions of MEES for non-domestic and domestic properties is also discussed as well as advice for landlords. MEES are a key part of the strategic approach of the UK government to significantly reduce carbon emissions. Meeting these targets requires improvement of much of the built stock. This will have an impact on both domestic and non-domestic property markets. This insight paper is designed to inform property owners, managers and valuers of the potential implications of MEES, which come into force on 1 April 2018.
590 ## - LOCAL NOTE (RLIN)
Local note KA NTK
650 24 - SUBJECT ADDED ENTRY--TOPICAL TERM
Topical term or geographic name entry element MEES
650 24 - SUBJECT ADDED ENTRY--TOPICAL TERM
Topical term or geographic name entry element ENERGY EFFICIENCY
650 24 - SUBJECT ADDED ENTRY--TOPICAL TERM
Topical term or geographic name entry element Property management
9 (RLIN) 6262
650 24 - SUBJECT ADDED ENTRY--TOPICAL TERM
Topical term or geographic name entry element Valuation
9 (RLIN) 6273
651 #4 - SUBJECT ADDED ENTRY--GEOGRAPHIC NAME
Geographic name United Kingdom
690 ## - LOCAL SUBJECT ADDED ENTRY--TOPICAL TERM (OCLC, RLIN)
Topical term or geographic name as entry element Energy
9 (RLIN) 6237
700 1# - ADDED ENTRY--PERSONAL NAME
Personal name French, Nick
700 1# - ADDED ENTRY--PERSONAL NAME
Personal name Sayce, Sarah
856 40 - ELECTRONIC LOCATION AND ACCESS
Uniform Resource Identifier <a href="https://www.rics.org/content/dam/ricsglobal/documents/to-be-sorted/mees-impact-on-uk-property-management-and-valuation-rics.pdf">https://www.rics.org/content/dam/ricsglobal/documents/to-be-sorted/mees-impact-on-uk-property-management-and-valuation-rics.pdf</a>
Public note Available free on RICS.org
942 ## - ADDED ENTRY ELEMENTS (KOHA)
Suppress in OPAC 0
Source of classification or shelving scheme Dewey Decimal Classification
Holdings
Withdrawn status Lost status Source of classification or shelving scheme Damaged status Not for loan Home library Current library Shelving location Date acquired Total Checkouts Full call number Barcode Date last seen Copy number Price effective from Koha item type
    Dewey Decimal Classification     Virtual Virtual Online 26/03/2018   ONLINE PUBLICATION 159916-2001 06/08/2019 1 06/08/2019 Book